000 00686nam a2200229Ia 4500
005 20260622141101.0
008 140110s9999 xx 000 0 und d
020 _a9788170006015
_cRs.600.00
040 _aLoreto College
041 _aEnglish
082 _a025
_bRAJ
100 _aRajasekaran, K.
245 _aDigital library basics
_bA practical manual
_cK.Rajasekaran,R.Raman Nair,K.M.Nafala
260 _aNew Delhi
_bEss Ess Publication
_c2010
300 _a193p.
504 _aIncludes bibliographical references and index
650 _aDigital library
651 _aInformation storage and retrieval systems
700 _aNair,R.Raman
850 _aLCLIB
942 _cBK
999 _c37224
_d87703